=LDR 00000nam 2200000 4500 =001 000877 =005 20250712112415 =035 ##$$a 0010-0725000755 =007 ta =008 250712################a##########0#ind## =020 ##$$a 978-623-307-315-8 =082 ##$$a 398. 209 598 =084 ##$$a 398. 209 598 SHE b =100 #$$a Shetty, Parinita =245 1#$$a Babi dan Ekor yang Kabur /$c Parinita Shetty =250 ##$$a Cetakan Pertama =260 ##$$a Jakarta Timur :$b Badan Pengembangan dan Pembinaan Bahasa,$c 2024 =300 ##$$a 16 hlm. : $b Ilus. ; $c 21 cm =856 ##$$a TBM As-Suhada =990 ##$$a TBM202400618